000 00995nam a22002175i 4500
001 159018
003 ES-MaACL
005 20230906211421.0
008 040908s1897 sp |||| | spa d
040 _aCAM
_bspa
_cCAM
100 1 _aMartínez Vargas, Andrés,
_d1861-1948
_978464
245 1 0 _aResultados positivos del suero antidiftérico
_b: discurso pronunciado en la sesión inaugural de la Academia Médico-farmacéutica de Barcelona el 31 de enero de 1897 /
_cpor Andrés Martínez Vargas.
260 _aBarcelona :
_b[s.n.],
_c1897 (
_fTipografía de Balmas, Casamajó y cª)
300 _a40 p. ;
_c26 cm.
650 4 _aSuero antidiftérico.
_9149338
650 4 _aDifteria-
_xTratamiento.
_9135927
710 0 _aAcademia Médico-Farmacéutica de Barcelona.
_91206
852 _aES-MaACL
_jFol-Laf-154
_z-- Rust.
_z-- Legado M. de la Fuente
852 _aES-MaACL
_jT-784-F-6
_z-- Enc. hol. conservando la cub. original
_z-- Enc. en un vol. facticio
999 _c159018
_d159018